Normal view
MARC view
- MODERN STRATEGY MILITARY THOUGHT FROM MACHIAVELLI TO HITLER
Entry Topical Term
001 - CONTROL NUMBER
- control field: 76241
003 - CONTROL NUMBER IDENTIFIER
- control field: NUST
005 - DATE AND TIME OF LATEST TRANSACTION
- control field: 20210628205616.0
008 - FIXED-LENGTH DATA ELEMENTS
- fixed length control field: 210628|| aca||aabn | a|a d
040 ## - CATALOGING SOURCE
- Original cataloging agency: NUST
- Transcribing agency: NUST
150 ## - HEADING--TOPICAL TERM
- Topical term or geographic name entry element: MODERN STRATEGY MILITARY THOUGHT FROM MACHIAVELLI TO HITLER
670 ## - SOURCE DATA FOUND
- Source citation: Work cat.: (NUST): Earle, Edward Mead 37953, Makers of modern strategy,military thought from machiavelli to hitler, 2004
